Diseño de un sistema de costeo en una empresa comercializadora : Corporación Auto Mercado
Gardado en:
| Autor Principal: | |
|---|---|
| Outros autores: | |
| Formato: | Libro |
| Idioma: | Undetermined |
| Publicado: |
San José, C.R.
2001
|
| Materias: | |
| Etiquetas: |
Engadir etiqueta
Sen Etiquetas, Sexa o primeiro en etiquetar este rexistro!
|
MARC
| LEADER | 00000nam a2200000Ia 4500 | ||
|---|---|---|---|
| 001 | 4352 | ||
| 003 | 008792 | ||
| 005 | 20221231144200.0 | ||
| 008 | 140114s9999 xx 000 0 und d | ||
| 040 | |c cru CEDI | ||
| 100 | |a Clemente Santilli, Carolina |9 7708 | ||
| 245 | |a Diseño de un sistema de costeo en una empresa comercializadora : Corporación Auto Mercado | ||
| 260 | |c 2001 |a San José, C.R. | ||
| 300 | |a xv, 170 hojas : ilustraciones | ||
| 500 | |a Proyecto de graduación (licenciatura en ingeniería industrial)--Universidad de Costa Rica. Facultad de Ingeniería. Escuela de Ingeniería Industrial | ||
| 650 | |x CORPORACION AUTOMERCADO (COSTA RICA) |x ANALISIS DEL VALOR (CONTROL DE COSTOS) |x COSTOS DE OPERACION |9 7711 | ||
| 700 | |9 7710 |a Cortéz Diez, Victor Julio | ||
| 942 | |c TFG | ||
| 999 | |c 18086 |d 18086 | ||
